000 00423nam a2200181Ia 4500
001 13404
005 20260306164758.0
008 260306t1999||||xx |||||||||||||| ||spa||
041 _aESP
082 _a004
_bB35C
100 _aBeckman, George
_eAUT
245 0 _aIntroducción a la computación
260 _c1999
300 _a372 páginas :
_c28 cm.
650 _aGEN
654 _aCCC
942 _cLIB
_dJUS
_fJUS
_2ddc
_n
999 _c13404
_d13404